000 00562nam a2200181Ia 4500
003 GCL
008 140319s9999 xx 000 0 ara d
040 _aGCL /
_cGCL
082 0 4 _a371.3
_bم ر
100 1 _aمحبات ابو عميرة
245 1 0 _aالرياضيات التربوية : دراسات وبحوث /
_cمحبات ابو عميرة
300 _a348
490 _a100 قصة
_v0
650 0 4 _aالتربية
650 0 4 _aالرياضيات - تعليم وتدريس
650 0 4 _aالرياضيات - طرق التدريس
942 _2ddc
_cBK
999 _c44128
_d44128